Οι οικονομικές σχέσεις ανατολής-δύσης και η κρίση της ύφεσης : πολιτικές διαστάσεις των διεθνών οικονομικών σχέσεων

Αποθηκεύτηκε σε:
Λεπτομέρειες βιβλιογραφικής εγγραφής
Κύριος συγγραφέας: Βαλντέν, Σωτήρης, 1949-
Μορφή: Βιβλίο
Γλώσσα:Greek
Δημοσίευση: Αθήνα : Θεμέλιο, 1984
Θέματα:
Ετικέτες: Προσθήκη ετικέτας
Δεν υπάρχουν, Καταχωρήστε ετικέτα πρώτοι!

MARC

LEADER 00000nam a2200000 i 4500
001 1/28014
008 960426s1984 gre d
035 |l 10022963 
040 |a GR-MY-UA  |b gre  |e aacr 
041 0 |a gre 
082 0 |a 337.091713 
100 1 |a Βαλντέν, Σωτήρης,   |d 1949- 
245 1 3 |a Οι οικονομικές σχέσεις ανατολής-δύσης και η κρίση της ύφεσης : πολιτικές διαστάσεις των διεθνών οικονομικών σχέσεων 
260 |a Αθήνα :   |b Θεμέλιο,   |c 1984 
300 |a 597 σ. 
650 0 0 |a International economic relations. 
651 0 |a Communist countries  |x Foreign economic relations. 
852 |a INST  |b CHIOS  |e 19960426  |h 337.091713 ΒΑΛ  |p 005200005654  |q 005200005654  |t BK  |y 0 
852 |a INST  |b CHIOS  |e 19960426  |h 337.091713 ΒΑΛ  |p 005200005655  |q 005200005655  |t BK  |y 0 
909 |a Χ  |b 008580 
909 |a Χ  |b 005706